000
00329nam a2200145Ia 4500
005
20251222152720.0
008
251222s9999||||xx |||||||||||||| ||spa||
020
_a
8408010468
082
_a
813.914/C77
100
_a
Cook, Robin
245
0
_a
Terminal
250
_a
1ra.ed.
264
_b
Editorial Planeta, S.A.
942
_c
LIB
999
_c
29539
_d
29539